| 000 | 00405nam a2200145 i 4500 | ||
|---|---|---|---|
| 001 | 184833 | ||
| 003 | ES-MaACL | ||
| 005 | 20230906222304.0 | ||
| 008 | 160203s1964 sp |||| | cat d | ||
| 100 | 1 |
_aMuset i Ferrer, Antoni. _984676 |
|
| 245 | 1 | 3 |
_aLa gesta d'en Pamoressi / _cAntoni Muset. |
| 260 |
_aBarcelona : _bMiguel Arimany, _c1964. |
||
| 300 |
_a229 p. ; _c21 cm. |
||
| 852 |
_aES-MaACL _jG-7301 |
||
| 999 |
_c184833 _d184833 |
||